Seattle Sounders players (2010-2020) - Statistics

General Stats
  • This quiz has been taken 2 times
  • The average score is 10 of 115
Answer Stats
Rank Player Positions Nationality Matches Goals (assists) Period % Correct
4 Chad Marshall CB 156 10 (6) 2014-2019
100%
8 Clint Dempsey CF 115 47 (22) 2013-2018
100%
1 Osvaldo Alonso DM 250 9 (10) 2010-2018
100%
25 Román Torres CB 66 1 (3) 2015-2019
100%
2 Stefan Frei GK 198 0 (0) 2014-2019
100%
68 Tyrone Marshall CB 20 0 (0) 2010-2010
100%
92 Danny Leyva DM 6 0 (0) 2019-2019
50%
81 Darwin Jones RW 11 0 (0) 2015-2016
50%
11 Fredy Montero ST 92 35 (20) 2010-2012
50%
16 Joevin Jones LB 80 3 (14) 2016-2017, 2019-2019
50%
28 Kasey Keller GK 64 0 (1) 2010-2011
50%
6 Lamar Neagle RW 130 28 (18) 2011-2011, 2013-2015, 2017-2018
50%
20 Obafemi Martins ST 72 40 (20) 2013-2015
50%
48 Raúl Ruidíaz ST 36 21 (3) 2018-2019
50%
50 Aaron Kovar RW 32 1 (0) 2014-2017
0%
64 Adam Johansson RB 21 0 (1) 2012-2012
0%
90 Adam Moffat DM 6 0 (0) 2013-2013
0%
53 Alex Caskey CM 30 1 (3) 2012-2013
0%
54 Álex Roldán RB 28 0 (0) 2018-2019
0%
100 Alfonso Ocampo-Chávez ST 3 0 (0) 2019-2019
0%
19 Álvaro Fernández CM 75 14 (2) 2010-2012, 2016-2017
0%
109 Amadou Sanyang DM 1 0 (0) 2011-2011
0%
49 Andreas Ivanschitz AM 34 4 (8) 2015-2016
0%
91 Andrew Weber GK 6 0 (0) 2012-2013
0%
101 Andy Craven ST 3 0 (0) 2015-2015
0%
13 Andy Rose CB 83 5 (4) 2012-2015
0%
80 Blaise Nkufo ST 11 5 (0) 2010-2010
0%
3 Brad Evans CB 173 17 (20) 2010-2017
0%
51 Brad Smith LB 31 0 (6) 2018-2019
0%
77 Bryan Meredith GK 13 0 (0) 2012-2012, 2018-2018
0%
106 Cam Weaver ST 2 0 (0) 2014-2014
0%
40 Chad Barrett ST 44 12 (1) 2014-2015
0%
102 Christian Sivebaek RW 3 0 (0) 2012-2012
0%
79 Christian Tiffert CM 12 0 (3) 2012-2012
0%
86 Cordell Cato LM 8 0 (1) 2012-2012
0%
5 Cristian Roldán CM 151 20 (14) 2015-2019
0%
44 David Estrada RW 41 5 (0) 2010-2014
0%
31 DeAndre Yedlin RB 56 1 (4) 2013-2014
0%
43 Djimi Traoré CB 42 1 (0) 2013-2014
0%
41 Dylan Remick LB 44 0 (0) 2013-2016
0%
36 Eddie Johnson ST 49 23 (3) 2012-2013
0%
96 Emanuel Cecchini DM 4 0 (0) 2019-2019
0%
27 Erik Friberg DM 64 1 (4) 2011-2011, 2015-2016
0%
93 Eriq Zavaleta CB 5 0 (0) 2013-2013
0%
72 Freddie Ljungberg RM 15 0 (2) 2010-2010
0%
32 Gonzalo Pineda CM 56 4 (6) 2014-2015
0%
17 Gustav Svensson CB 78 4 (4) 2017-2019
0%
55 Handwalla Bwana LW 27 3 (2) 2018-2019
0%
29 Harry Shipp LW 62 10 (3) 2017-2019
0%
62 Henry Wingo RB 22 0 (0) 2017-2019
0%
65 Hérculez Gómez ST 21 0 (0) 2016-2016
0%
71 Jalil Anibaba CB 16 0 (1) 2014-2014
0%
33 James Riley RB 56 2 (3) 2010-2011
0%
18 Jeff Parke CB 78 1 (2) 2010-2012
0%
15 Jhon Kennedy Hurtado CB 81 0 (1) 2010-2013
0%
110 Jimmy Ockford CB 1 0 (0) 2015-2015
0%
97 Jonathan Campbell CB 4 0 (0) 2019-2019
0%
73 Jordan McCrary RB 15 0 (0) 2018-2018
0%
14 Jordan Morris ST 83 25 (11) 2016-2017, 2019-2019
0%
34 Jordy Delem DM 53 1 (0) 2017-2019
0%
94 Justin Dhillon ST 5 0 (0) 2019-2019
0%
30 Kee-hee Kim CB 59 0 (1) 2018-2019
0%
21 Kelvin Leerdam RB 70 6 (7) 2017-2019
0%
63 Kenny Cooper Jr. ST 22 3 (4) 2014-2014
0%
7 Leonardo González LB 126 2 (2) 2010-2015
0%
95 Luis Silva ST 5 0 (0) 2019-2019
0%
74 Magnus Wolff Eikrem CF 15 1 (1) 2018-2018
0%
37 Marc Burch LB 49 0 (7) 2012-2013
0%
38 Marco Pappa LW 49 9 (8) 2014-2015
0%
98 Marcus Hahnemann GK 4 0 (0) 2013-2013
0%
78 Mario Martínez AM 13 0 (0) 2012-2013
0%
12 Mauro Rosales RM 86 12 (29) 2011-2013
0%
111 Michael Farfán AM 1 0 (0) 2016-2016
0%
39 Michael Gspurning GK 49 0 (1) 2012-2013
0%
87 Miguel Montaño ST 8 0 (0) 2010-2011
0%
58 Mike Azira DM 25 0 (0) 2014-2015
0%
61 Mike Fucito ST 23 3 (2) 2010-2011
0%
85 Mike Seamon AM 9 0 (0) 2010-2010, 2012-2012
0%
47 Nate Jaqua ST 38 0 (2) 2010-2011
0%
67 Nathan Sturgis CM 20 1 (3) 2010-2010
0%
52 Nelson Valdez ST 31 1 (1) 2015-2016
0%
10 Nicolás Lodeiro AM 101 26 (33) 2016-2019
0%
22 Nouhou LB 69 0 (0) 2017-2019
0%
75 Oalex Anderson ST 15 0 (0) 2016-2016
0%
88 O'Brian White ST 7 2 (1) 2011-2011
0%
56 Oniel Fisher RB 27 0 (2) 2015-2017
0%
66 Pat Noonan ST 21 1 (1) 2010-2011
0%
24 Patrick Ianni CB 66 2 (1) 2010-2013
0%
89 Peter Vagenas CM 7 0 (0) 2010-2010
0%
112 Philip Lund LM 1 0 (0) 2013-2013
0%
46 Roger Levesque ST 39 4 (1) 2010-2012
0%
69 Saad Abdul-Salaam RB 18 0 (0) 2019-2019
0%
70 Sammy Ochoa ST 17 3 (1) 2011-2013
0%
59 Sanna Nyassi RM 24 2 (3) 2010-2010
0%
103 Sean Okoli ST 3 0 (0) 2014-2014
0%
45 Servando Carrasco CM 40 1 (1) 2011-2013
0%
104 Seyi Adekoya ST 3 0 (0) 2017-2017
0%
84 Shalrie Joseph DM 10 1 (0) 2013-2013
0%
113 Shandon Hopeau RW 1 0 (0) 2019-2019
0%
35 Steve Zakuani LW 51 13 (8) 2010-2013
0%
114 Taylor Graham CB 1 0 (0) 2010-2010
0%
115 Terry Boss GK 1 0 (0) 2010-2010
0%
82 Thomás LW 11 1 (1) 2015-2015
0%
60 Tony Alfaro CB 24 0 (0) 2016-2018
0%
107 Tristan Bowen RW 2 0 (0) 2014-2014
0%
99 Troy Perkins GK 4 0 (0) 2015-2015
0%
108 Tyler Miller GK 2 0 (0) 2016-2017
0%
26 Tyrone Mears RB 65 1 (3) 2015-2016
0%
57 Tyson Wahl CB 27 1 (3) 2010-2011
0%
105 Victor Mansaray ST 3 0 (0) 2015-2015
0%
42 Víctor Rodríguez AM 43 9 (8) 2017-2019
0%
83 Waylon Francis LB 11 0 (0) 2018-2018
0%
23 Will Bruin ST 69 20 (9) 2017-2019
0%
76 Xavier Arreaga CB 14 0 (0) 2019-2019
0%
9 Zach Scott CB 109 1 (1) 2010-2016
0%
No matching quizzes found
Score Distribution
Percent of People with Each Score
Percentile by Number Answered
Your Score History
You have not taken this quiz